000 00497cam a2200193ua 4500
001 3450
008 111116n ii |||gr||||Z||||||asm
040 _cMAIN
082 _a823
100 _aCorbett, Jim,
245 1 1 _aKumayunar manuh khuwa bagh
_cby Jim Corbett
250 _a2nd.
260 _aGuwahati:
_bPublication board assam,985.
300 _a274p:
_c23cm.
653 _aAssamese novel
653 _aKumayunar manuh khuwa bagh
700 _aChoudhury, Biraj,
_eTranslated.
942 _cBK
999 _c3293
_d3293